Responses for Show #7827 - Tuesday, September 25, 2018

Contestants

[<< previous game]

Courtney Llewellyn, an assistant editor from New Orleans, Louisiana

Vincent Valenzuela, an internal customer service manager from Wheaton, Illinois

Nancy Schoppa, a retired high school teacher from Saint Jo, Texas (whose 1-day cash winnings total $3,600)

[next game >>]

Jeopardy! Round responses

QUEEN CONSORT
LETTER PERFECT
COMPLETE THE 21st CENTURY BESTSELLER
HATS
FUN WITH TEAM NAMES
THE UNSEEN
    $200 21
Henry VIII

Nancy
    $200 16
(Vincent: What's the atomic bomb?)

the H-bomb

VincentCourtney
    $200 26
(Alex: Less than a minute now.)

railroad

Nancy
    $200 11
a derby

Vincent
    $200 1
the Astrodome

Nancy
    $200 6
a ghost

Nancy
    $400 22
the Scots

Vincent
    $400 17
a C

Nancy
    $400 27
the train

Courtney
    $400 12
a beret

Nancy
    $400 2
(Vincent: Who are the Argonauts?)
(Courtney: Who are the Raptors?)

the Maple Leafs

VincentCourtney
Triple Stumper
    $400 7
stealth

Vincent
    $600 23
Queen Mother

Courtney
    $600 18
O

Courtney
    $600 28
Bard

Nancy
    $600 13
a tam o'shanter

Nancy
    $600 3
UCLA

Courtney
    $600 8
invisible ink

Courtney
    $800 24
Eleanor

Vincent
    $800 19
a D (or P)

Nancy
    $800 29
kidding

Courtney
    $800 14
a deerstalker

Vincent
    $800 4
the Jets and the Sharks (or San Jose and Winnipeg)

Courtney
    $800 9
a black hole

Courtney
    $1,000 25
(Vincent: Who is Mary?)
(Alex: No. Think of [*], North Carolina. Charlottesville and Charlottetown, PEI.)

Charlotte

Vincent
    $1000 20
(Alex: For Wolfram.)

W

Nancy
    $1000 30
wings

Triple Stumper
    $1000 15
a cloche

Nancy
    $1000 5
(Alex: The Bulls and the Bears.)

Chicago

Vincent
    $1000 10
faith

Vincent

Scores at the first commercial break (after clue 15):

Nancy Vincent Courtney
$2,400 $3,000 $2,400

Scores at the end of the Jeopardy! Round:

Nancy Vincent Courtney
$5,600 $3,000 $5,000

Double Jeopardy! Round responses

QUEEN'S CONCERT
MYTHOLOGICAL ORIGIN STORIES
COME UP TO THE LAB
OCEAN LINERS
OTHER RATHER GRAND CANYONS
"ALA" CART
    $400 11
Freddie Mercury

Vincent
    $400 1
a turtle

Vincent
    $400 6
Los Alamos

Vincent
    $400 16
an aircraft carrier

Vincent
    $400 21
the Sierra Nevada

Nancy
    $400 25
a gala

Nancy
    $800 12
Live Aid

Vincent
    $800 2
clouds

Vincent
    $800 7
Linux

Vincent
    $2,000 17
the Falklands

Vincent
    $800 22
the Pueblo

Nancy
    $800 26
escalator

Triple Stumper
    $1200 13
Adam Lambert

Triple Stumper
    $1,200 3
(Vincent: What is a ray of light?)

a rainbow

Vincent
    $1200 8
the medical examiner

Nancy
    $1200 18
a piano

Nancy
    $1200 23
(Graham) Nash

Nancy
    $1200 27
Australasia

Vincent
    $1600 14
rock you

Vincent
    $1600 4
amber

Courtney
    $1600 9
Fermi

Nancy
    $1600 19
the Andrea Doria

Vincent
    $1600 24
Hells Canyon

Triple Stumper
    $1600 29
alacrity

Triple Stumper
    $2000 15
Mandela

Vincent
    $2000 5
the Ganges

Vincent
    $2000 10
Skylab

Nancy
    $2000 20
White Star

Nancy
    $2000 28
(Vincent: What's Moab?)

Zion National Park

Vincent
Triple Stumper
    $2000 30
alabaster

Courtney

Scores at the end of the Double Jeopardy! Round:

Nancy Vincent Courtney
$16,400 $14,200 $8,600

[wagering suggestions for these scores]

Final Jeopardy! Round responses

20th CENTURY PLAYS
(Alex: [To Vincent] George Bernard Shaw.)
CourtneyWhat is Waiting for Godot?
$1,600
VincentWhat is Pygmalion?
$14,200
NancyWhat Pygmalion?
$15,000
Pygmalion

Final scores:

Nancy Vincent Courtney
$31,400 $28,400 $7,000
2-day champion: $35,000 2nd place: $2,000 3rd place: $1,000

Game dynamics:

Coryat scores:

Nancy Vincent Courtney
$16,400 $15,200 $8,600
20 R,
0 W
20 R
(including 1 DD),
5 W
(including 2 DDs)
11 R,
1 W

Combined Coryat: $40,200

[game clues] [game scores] [suggest correction]

Game tape date: 2018-07-23
The J! Archive is created by fans, for fans. Scraping, republication, monetization, and malicious use prohibited; this site may use cookies and collect identifying information. See terms. The Jeopardy! game show and all elements thereof, including but not limited to copyright and trademark thereto, are the property of Jeopardy Productions, Inc. and are protected under law. This website is not affiliated with, sponsored by, or operated by Jeopardy Productions, Inc. Join the discussion at JBoard.tv.